|
|
|
|
| LEADER |
00000nam0a2200000 4500 |
| 001 |
18024 |
| 005 |
20231101205159.0 |
| 035 |
|
|
|a (RuTPU)RU\TPU\book\18173
|
| 035 |
|
|
|a BOOK00018242
|
| 090 |
|
|
|a 18024
|
| 100 |
|
|
|a 20011209d1964 m y0rusy50 ca
|
| 101 |
1 |
|
|a rus
|c eng
|
| 102 |
|
|
|a RU
|
| 105 |
|
|
|a y j 000zy
|
| 200 |
1 |
|
|a Экономика. Вводный курс
|e пер. с англ.
|f П. А. Самуэльсон (Сэмуэлсон)
|
| 210 |
|
|
|a Москва
|c Прогресс
|d 1964
|
| 215 |
|
|
|a 843 с.
|
| 610 |
1 |
|
|a экономика
|
| 610 |
1 |
|
|a экономическая теория
|
| 610 |
1 |
|
|a экономические категории
|
| 610 |
1 |
|
|a национальный доход
|
| 610 |
1 |
|
|a финансы
|
| 610 |
1 |
|
|a международная торговля
|
| 686 |
|
|
|a У9(7США)
|v LBC/SL-A
|2 rubbk
|
| 700 |
|
1 |
|a Самуэльсон (Сэмуэлсон)
|b П. А.
|c американский экономист
|c нобелевский лауреат
|f 1915-
|g Пол Антони
|2 stltpush
|3 (RuTPU)RU\TPU\pers\1279
|9 573
|
| 801 |
|
0 |
|a RU
|b 63413507
|c 20011209
|g PSBO
|
| 801 |
|
2 |
|a RU
|b 63413507
|c 20080407
|g PSBO
|
| 900 |
|
|
|a Экономика
|
| 942 |
|
|
|c BK
|